00350nam a2200121Ia 4500008004100000040001700041041001200058082001900070100003200089245005000121260003900171300001800210230917s9999||||xx |||||||||||||| ||und|| e202399aMAIN aEnglish a320.50954 S64I aSingh, Mahendra Prasad, ed. 0aIndian political thought: Themes and thinkers aNew DelhibPearson Educationc2011 axxvii, 276 p.